Nociones de geografía física universal / (Record no. 41521)

MARC details
000 -CABECERA
campo de control de longitud fija 00538nam a2200181 a 4500
005 - FECHA Y HORA DE LA ÚLTIMA TRANSACCIÓN
campo de control 20231013063610.0
008 - ELEMENTOS DE LONGITUD FIJA--INFORMACIÓN GENERAL
campo de control de longitud fija 991125s1897 sai 000 0 spa u
035 ## - NÚMERO DE CONTROL DEL SISTEMA
Número de control de sistema UPN01000041521
049 ## - COLECCIÓN
Colección LT
050 #4 - SIGNATURA TOPOGRÁFICA DE LA BIBLIOTECA DEL CONGRESO
Número de clasificación LB1583 M6
Número de documento/Ítem T7.6
100 1# - ASIENTO PRINCIPAL--NOMBRE PERSONAL
Nombre de persona Trigo, José M.
245 10 - MENCIÓN DE TÍTULO
Título Nociones de geografía física universal /
Mención de responsabilidad, etc. por José M. Trigo
260 ## - PUBLICACIÓN, DISTRIBUCIÓN, ETC.
Lugar de publicación, distribución, etc. Saint Louis, E.U.A. :
Nombre del editor, distribuidor, etc. Spanish-American,
Fecha de publicación, distribución, etc. 1897
300 ## - DESCRIPCIÓN FÍSICA
Extensión 80 p. :
Otras características físicas il.
650 #4 - ASIENTO SECUNDARIO DE MATERIA - TERMINO TEMATICO
Término de materia o nombre geográfico como elemento de entrada Geografía
Subdivisión general Estudio y enseñanza (Elemental)
9 (RLIN) 2801
904 ## - ELEMENTOS DE DATOS D LOCAL, LDD (RLIN)
a AC
b 041523
905 ## - TIPO DE MATERIAL
Tipo de material Libro
Holdings
Estado de retiro Estado de pérdida Fuente del sistema de clasificación o colocación Estado dañado No para préstamo Código de colección Localización permanente Ubicación/localización actual Ubicación en estantería Enumeración/cronología de publicación seriada Total de préstamos Clasificación Código de barras Fecha visto por última vez Número de copia Tipo de ítem Koha
    Library of Congress Classification   Coleccion LT Libros de texto Bib. Gregorio Torres Quintero Bib. Gregorio Torres Quintero Libros de Texto -   LB1583 M6 T7.6 125319 31/12/2020 1 Libro